LEADER 00583naa a2200145 i 4500 001 000000302248 003 CaOOAMICUS 005 20180831172737.0 008 180831n xx u000 u und u 013 $a9983 040 $aSeMil$bita 100 1 $aRodríguez, Pedro.$0(OLS)http://semarc/name/22768 245 10$aSpontanéité et caractère légal de la Loi nouvelle. 773 0 $tLex et libertas.$dRoma : Pontificia Accademia di S. Tommaso e di Religione Cattolica, 1987.$kStudi tomistici$w()36012 996 $6245$aSpontanéité et caractère légal de la Loi nouvelle$9(OLS)http://semarc/title/378232 LEADER 01383nam a2200289 4500 001 000000348409 003 CaOOAMICUS 005 20240617092103.0 008 211109s2021 it 000 u ita r 020 $a978-88-6894-531-2 040 $aSeMil$bita 110 2 $aArcidiocesi di Milano.$0(OLS)http://semarc/name/400 245 10$aArtigiani della sinodalità :$bil servizio dei Gruppi Barnaba per l'Assemblea sinodale decanale : sussidio guida /$cArcidiocesi di Milano. 264 1$aMilano :$bCentro Ambrosiano,$c2021. 300 $a102 p. ;$c21 cm 490 1 $aDocumenti /Arcidiocesi di Milano ;$v2 541 0 $aOmaggio mons. Mario Delpini 650 4$aAssemblee sinodali decanali - Gruppi Barnaba.$0(OLS)http://semarc/subject/51193 650 4$aChiesa e sinodalità.$0(OLS)http://semarc/subject/18874 830 0$aDocumenti / Arcidiocesi di Milano ;$v2.$0(OLS)http://semarc/title/421817 850 $aSeMil 852 $aSeMil$W1$xVenegono$y1$m2MA P 2$j249115$B249763$CSeMilBibl$Z2$F249763 $81 941 1 $a7 996 $6020$a978-88-6894-531-2$9(OLS)http://semarc/number/294505 996 $6245$aArtigiani della sinodalità :$bil servizio dei Gruppi Barnaba per l'Assemblea sinodale decanale : sussidio guida$9(OLS)http://semarc/title/437804 996 $6264$aMilano :$bCentro Ambrosiano$9(OLS)http://semarc/publisher/29766